Баллады Роберта Саути в контексте русской литературы XIX-первой четверти XX вв. (Запись № 935161)

Подробности
000 -МАРКЕР
контрольное поле 02097nam0a2200433 4500
001 - ИДЕНТИФИКАТОР ЗАПИСИ
контрольное поле RU\NLR\bibl\165711
005 - ИДЕНТИФИКАТОР ВЕРСИИ
контрольное поле 20250618054814.0
010 ## - МЕЖДУНАРОДНЫЙ СТАНДАРТНЫЙ НОМЕР КНИГИ (ISBN)
Номер (ISBN) 5-88200-382-2
Тираж 50
021 ## - НОМЕР ГОСУДАРСТВЕННОЙ РЕГИСТРАЦИИ
Код страны российская федерация
Номер 2001-12126
Номер Листа государственной регистраци 570
035 ## - ДРУГИЕ СИСТЕМНЫЕ НОМЕРА
Идентификатор записи (NLR Aleph) 000162541
100 ## - ДАННЫЕ ОБЩЕЙ ОБРАБОТКИ
Данные общей обработки 20010601d1998 |||y0rusy50 ca
101 0# - ЯЗЫК РЕСУРСА
Язык текста, звукозаписи и т.д. русский
102 ## - СТРАНА ПУБЛИКАЦИИ ИЛИ ПРОИЗВОДСТВА
Страна публикации российская федерация
105 ## - ПОЛЕ КОДИРОВАННЫХ ДАННЫХ: ТЕКСТОВЫЕ МАТЕРИАЛЫ, МОНОГРАФИЧЕСКИЕ
Кодированные данные о монографическом текстовом документе y |||||||||
200 1# - ЗАГЛАВИЕ И СВЕДЕНИЯ ОБ ОТВЕТСТВЕННОСТИ
Основное заглавие Баллады Роберта Саути в контексте русской литературы XIX-первой четверти XX вв.
Сведения, относящиеся к заглавию Монография
Первые сведения об ответственности Г. Г. Подольская
Последующие сведения об ответственности М-во образования Рос. Федерации, Астрах. гос. пед. ун-т
210 ## - ПУБЛИКАЦИЯ, РАСПРОСТРАНЕНИЕ И ДР.
Место издания, распространения и т.д. Астрахань
Имя издателя, распространителя и т. д. Изд-во Астрах. гос. пед. ун-та
Дата издания, распространения и т.д. 1998
215 ## - ФИЗИЧЕСКАЯ ХАРАКТЕРИСТИКА
Специфическое обозначение материала и объем 231 с.
Другие сведения о физической характеристике ил.
Размеры 30
320 ## - ПРИМЕЧАНИЯ О НАЛИЧИИ В ДОКУМЕНТЕ БИБЛИОГРАФИИ / УКАЗАТЕЛЯ
Текст примечания Библиогр.: с. 221-231. Библиогр. в примеч.: с. 206-220
600 #1 - ИМЯ ЛИЦА КАК ПРЕДМЕТ
Начальный элемент ввода Саути
Часть имени, кроме начального элемента ввода Р.
Даты 1774 - 1843
Расширение инициалов личного имени Роберт
Тематический подзаголовок и русская литература
Системный номер авторитетной/нормативной записи 2213796
Идентификатор авторитетной/нормативной записи RU\NLR\auth\661329757
600 #1 - ИМЯ ЛИЦА КАК ПРЕДМЕТ
Начальный элемент ввода Саути
Часть имени, кроме начального элемента ввода Р.
Даты 1774 - 1843
Расширение инициалов личного имени Роберт
Тематический подзаголовок и русская литература
Системный номер авторитетной/нормативной записи 2213796
Идентификатор авторитетной/нормативной записи RU\NLR\auth\661329757
600 #1 - ИМЯ ЛИЦА КАК ПРЕДМЕТ
Начальный элемент ввода Саути
Часть имени, кроме начального элемента ввода Р
Даты 1774-1843
Расширение инициалов личного имени Роберт
Код системы psbo
606 0# - НАИМЕНОВАНИЕ ТЕМЫ КАК ПРЕДМЕТ
Наименование темы Русская литература
Тематический подзаголовок Связи с английской литературой
Системный номер авторитетной/нормативной записи 980285
Идентификатор авторитетной/нормативной записи RU\NLR\auth\6650365
610 0# - НЕКОНТРОЛИРУЕМЫЕ ПРЕДМЕТНЫЕ ТЕРМИНЫ
Предметный термин Баллада (лит.) английская
610 0# - НЕКОНТРОЛИРУЕМЫЕ ПРЕДМЕТНЫЕ ТЕРМИНЫ
Предметный термин Английская поэзия
610 0# - НЕКОНТРОЛИРУЕМЫЕ ПРЕДМЕТНЫЕ ТЕРМИНЫ
Предметный термин Русско-английские литературные связи - история
675 ## - УНИВЕРСАЛЬНАЯ ДЕСЯТИЧНАЯ КЛАССИФИКАЦИЯ (UDC/УДК)
Индекс 821.111.09
Издание 3
Язык издания rus
686 ## - ИНДЕКСЫ ДРУГИХ КЛАССИФИКАЦИЙ
Индекс 17
Код системы
686 ## - ИНДЕКСЫ ДРУГИХ КЛАССИФИКАЦИЙ
Индекс 83.3(4Вел)
Код системы
686 ## - ИНДЕКСЫ ДРУГИХ КЛАССИФИКАЦИЙ
Индекс Ш5(2=Р)-318.3
686 ## - ИНДЕКСЫ ДРУГИХ КЛАССИФИКАЦИЙ
Индекс Ш5(4Вл)52-4Саути 418.3
700 #1 - ИМЯ ЛИЦА - ПЕРВИЧНАЯ ОТВЕТСТВЕННОСТЬ
Код отношения Автор
Графика поля Кириллица
Материалы, к которым относится поле rus
Начальный элемент ввода Подольская
Часть имени, кроме начального элемента ввода Г. Г.
Даты 1958-
Расширение инициалов личного имени Галина Геннадьевна
Системный номер авторитетной/нормативной записи 203172
Идентификатор авторитетной/нормативной записи RU\NLR\AUTH\770203223
801 #0 - ИСТОЧНИК ЗАПИСИ
Страна российская федерация
Организация RKP
Дата составления 20010601
Правила каталогизации PSBO
801 #1 - ИСТОЧНИК ЗАПИСИ
Страна российская федерация
Организация RKP
Дата составления 20010601
801 #2 - ИСТОЧНИК ЗАПИСИ
Страна российская федерация
Организация NLR
Дата составления 20070416
Правила каталогизации rcr
942 ## - ДОПОЛНИТЕЛЬНЫЕ ЭЛЕМЕНТЫ ЗАПИСИ (АБИС)
Тип экземпляра АБИС Книга
980 ## - КОЛЛЕКЦИЯ
Название коллекции Национальная библиография
Экземпляры
Тип экземпляра Дата поступления Источник поступления Библиотека постоянного хранения Библиотека текущего хранения Место хранения Шифр хранения Штрих-код Статус не для выдачи
Книга 25.06.2001 Обязательный экземпляр РНБ (Московский) РНБ (Московский) Русский книжный фонд: издания с 1957 года, 8этаж 2001-8/770 1-1634950  
Книга 25.06.2001 Обязательный экземпляр РНБ (Московский) РНБ (Московский) Русский книжный фонд: издания с 1957 года, 8этаж 2001-8/770 134705